<?xml version="1.0" encoding="UTF-8"?>
<collection xmlns="http://www.loc.gov/MARC21/slim">
    <record>
        <controlfield tag="001">70632</controlfield>
        <controlfield tag="005">20180531095509.0</controlfield>
        <datafield tag="024" ind1="8" ind2=" ">
            <subfield code="2">sideral</subfield>
            <subfield code="a">106094</subfield>
        </datafield>
        <datafield tag="037" ind1=" " ind2=" ">
            <subfield code="a">ART-2016-106094</subfield>
        </datafield>
        <datafield tag="041" ind1=" " ind2=" ">
            <subfield code="a">spa</subfield>
        </datafield>
        <datafield tag="100" ind1=" " ind2=" ">
            <subfield code="a">Toro Nozal, Mª José</subfield>
        </datafield>
        <datafield tag="245" ind1=" " ind2=" ">
            <subfield code="a">Informe del Comité Científico de la Agencia Española de Consumo, Seguridad Alimentaria y Nutrición (AECOSAN) sobre la seguridad de uso de los cigarrillos electrónicos</subfield>
        </datafield>
        <datafield tag="260" ind1=" " ind2=" ">
            <subfield code="c">2016</subfield>
        </datafield>
        <datafield tag="506" ind1="0" ind2=" ">
            <subfield code="a">Access copy available to the general public</subfield>
            <subfield code="f">Unrestricted</subfield>
        </datafield>
        <datafield tag="520" ind1="3" ind2=" ">
            <subfield code="a">El Comite´ Cienti´fico de la Agencia Espan~ola de Consumo, Seguridad Alimentaria y Nutricio´n (AE- COSAN) ha evaluado el riesgo para la salud de uso de los cigarrillos electro´nicos. La evaluacio´n realizada permite concluir que la seguridad de los cigarrillos electro´nicos es incierta. Hay una gran variacio´n entre los distintos tipos de cigarrillos, la cantidad de los ingredientes en el li´quido a vaporizar, asi´ como en el contenido que se libera tras la vaporizacio´n. Los efectos sobre la salud a largo plazo son desconocidos. A corto plazo incluyen in amacio´n de boca y garganta, nauseas, vo´mitos y tos. En el vapor que se genera tras el “vapeado” se han encontrado, propilenglicol, glicerina, nicotina, aromatizantes, carcino´genos, metales pesados y otros productos qui´micos. No hay estudios a largo plazo que demuestren que el uso estos cigarrillos sea e caz para tratar la adiccio´n al tabaco, ni tampoco estudios de toxicidad cro´nica en roedores para conocer los efectos a largo plazo de la exposicio´n por el uso de los cigarrillos electro´nicos. Los estudios in vitro sobre los efectos del vapeado de los cigarrillos electro´nicos sobre la regulacio´n del ciclo celular, estre´s oxidativo y mitocondrial y dan~o del ADN asociado con las ce´lulas de las vi´as ae´reas humanas seri´an de gran utilidad para la evaluacio´n del riesgo para la salud. Se necesitan tambie´n datos epidemiolo´gicos sobre los efectos adversos que causan sobre la salud los cigarrillos electro´nicos, especialmente en la poblacio´n ma´s vulnerable. Por otra parte, en la actualidad se esta´ llevando a cabo la transposicio´n de la normativa europea en lo referente a fabricacio´n, presentacio´n y venta de los productos del tabaco.</subfield>
        </datafield>
        <datafield tag="540" ind1=" " ind2=" ">
            <subfield code="9">info:eu-repo/semantics/openAccess</subfield>
            <subfield code="a">by</subfield>
            <subfield code="u">http://creativecommons.org/licenses/by/3.0/es/</subfield>
        </datafield>
        <datafield tag="655" ind1=" " ind2="4">
            <subfield code="a">info:eu-repo/semantics/article</subfield>
            <subfield code="v">info:eu-repo/semantics/publishedVersion</subfield>
        </datafield>
        <datafield tag="700" ind1=" " ind2=" ">
            <subfield code="a">Anadón Navarro, Arturo</subfield>
        </datafield>
        <datafield tag="700" ind1=" " ind2=" ">
            <subfield code="0">(orcid)0000-0002-3133-7402</subfield>
            <subfield code="a">Arpio Santacruz, Juan</subfield>
            <subfield code="u">Universidad de Zaragoza</subfield>
        </datafield>
        <datafield tag="700" ind1=" " ind2=" ">
            <subfield code="a">Díaz Méndez, Cecilia</subfield>
        </datafield>
        <datafield tag="700" ind1=" " ind2=" ">
            <subfield code="a">Gómez Benito, Cristóbal</subfield>
        </datafield>
        <datafield tag="700" ind1=" " ind2=" ">
            <subfield code="a">Izquierdo Carrasco, Manuel</subfield>
        </datafield>
        <datafield tag="700" ind1=" " ind2=" ">
            <subfield code="a">Vicente Rodríguez, Germán</subfield>
        </datafield>
        <datafield tag="710" ind1="2" ind2=" ">
            <subfield code="1">4003</subfield>
            <subfield code="2">165</subfield>
            <subfield code="a">Universidad de Zaragoza</subfield>
            <subfield code="b">Departamento de Derecho de la Empresa</subfield>
            <subfield code="c">Derecho Mercantil</subfield>
        </datafield>
        <datafield tag="773" ind1=" " ind2=" ">
            <subfield code="g">24 (2016), 53-77</subfield>
            <subfield code="p">Rev. Com. Cient. AESA</subfield>
            <subfield code="t">Revista del Comité Científico de la AESA</subfield>
            <subfield code="x">1885-6586</subfield>
        </datafield>
        <datafield tag="856" ind1="4" ind2="1">
            <subfield code="u">http://www.aecosan.msssi.gob.es/AECOSAN/docs/documentos/consumo/Calidad_Seguridad/Comite_Cientifico/Informes/rcc24_07cigarrillosElectronicos.pdf</subfield>
            <subfield code="z">Texto completo de la revista</subfield>
        </datafield>
        <datafield tag="856" ind1="4" ind2=" ">
            <subfield code="s">192951</subfield>
            <subfield code="u">http://zaguan.unizar.es/record/70632/files/texto_completo.pdf</subfield>
            <subfield code="y">Versión publicada</subfield>
        </datafield>
        <datafield tag="856" ind1="4" ind2=" ">
            <subfield code="s">64175</subfield>
            <subfield code="u">http://zaguan.unizar.es/record/70632/files/texto_completo.jpg?subformat=icon</subfield>
            <subfield code="x">icon</subfield>
            <subfield code="y">Versión publicada</subfield>
        </datafield>
        <datafield tag="909" ind1="C" ind2="O">
            <subfield code="o">oai:zaguan.unizar.es:70632</subfield>
            <subfield code="p">articulos</subfield>
            <subfield code="p">driver</subfield>
        </datafield>
        <datafield tag="951" ind1=" " ind2=" ">
            <subfield code="a">2018-05-31-09:48:38</subfield>
        </datafield>
        <datafield tag="980" ind1=" " ind2=" ">
            <subfield code="a">ARTICLE</subfield>
        </datafield>
    </record>

    
</collection>